One Piece Devil Fruit Quiz (English) - Statistics

General Stats
  • This quiz has been taken 106 times
  • The average score is 41 of 151
Answer Stats
Hint Answer % Correct
Sand-Sand Fruit Crocodile
82%
Flame-Flame Fruit Sabo
75%
Smoke-Smoke Fruit Smoker
72%
Glint-Glint Fruit Borsalino/Kizaru
68%
Dark-Dark Fruit | Tremor-Tremor Fruit Marshall D. Teach
65%
Flame-Flame Fruit Portgas D. Ace
65%
Revive-Revive Fruit Brook
62%
Mag-Mag Fruit Sakazuki/Akainu
62%
Chop-Chop Fruit Buggy
61%
Snow-Snow Fruit Monet
59%
Gum-Gum Fruit Monkey D. Luffy
59%
Love-Love Fruit Boa Hancock
58%
Rumble-Rumble Fruit Enel
58%
Flower-Flower Fruit Nico Robin
54%
Soul-Soul Fruit Charlotte Linlin
53%
Tremor-Tremor Fruit Edward Newgate
53%
Barrier-Barrier Fruit Bartolomeo
52%
Spring-Spring Fruit Bellamy
52%
Door-Door Fruit Blueno
52%
Gas-Gas Fruit Caesar Clown
48%
Chilly-Chilly Fruit Kuzan/Aokiji
48%
Human-Human Fruit Tony Tony Chopper
48%
Slip-Slip Fruit Alvida
47%
Fish-Fish Fruit: Azure Dragon Model Kaido
47%
Mochi-Mochi Fruit Charlotte Katakuri
46%
Shadow-Shadow Fruit Gecko Moria
44%
Egg-Egg Fruit Tamago
44%
Paw-Paw Fruit Bartholomew Kuma
43%
Cat-Cat Fruit: Leopard Model Rob Lucci
43%
Venom-Venom Fruit Magellan
42%
Arms-Arms Fruit Baby 5
41%
Tweet-Tweet Fruit: Pheonix Model Marco
41%
Lick-Lick Fruit Charlotte Perospero
39%
Slow-Slow Fruit Foxy
39%
Wax-Wax Fruit Mr. 3
39%
Clear-Clear Fruit Absalom
38%
Bis-Bis Fruit Charlotte Cracker
38%
Heat-Heat Fruit Charlotte Oven
38%
String-String Fruit Donquixote Doflamingo
38%
Dragon-Dragon Fruit: Pteranodon Model King
37%
Dragon-Dragon Fruit: Brachiosaurus Model Queen
37%
Human-Human Fruit: Buddha Model Sengoku
37%
Op-Op Fruit Trafalgar Law
37%
Swamp-Swamp Fruit Caribou
35%
Clear-Clear Fruit Shiryu
35%
Castle-Castle Fruit Capone Bege
34%
Mirror-Mirror Fruit Charlotte Brûlée
34%
Elephant-Elephant Fruit: Mammoth Model Jack
34%
Ox-Ox Fruit: Giraffe Model Kaku
34%
Hollow-Hollow Fruit Perona
34%
Munch-Munch Fruit Wapol
34%
Wring-Wring Fruit Charlotte Smoothie
33%
Straw-Straw Fruit Basil Hawkins
32%
Memo-Memo Fruit Charlotte Pudding
32%
Bubble-Bubble Fruit Kalifa
30%
Boom-Boom Fruit Mr. 5
30%
Stone-Stone Fruit Pica
30%
Hobby-Hobby Fruit Sugar
30%
Gravity-Gravity Fruit Issho
29%
Dragon-Dragon Fruit: Allosaurus X Drake
28%
Tweet-Tweet Fruit: Falcon Model Pell
27%
Dragon-Dragon Fruit: Pachycephalosaurus Model Ulti
27%
Spider-Spider Fruit: Rosamygale Grauvogeli Model Black Maria
25%
Spin-Spin Fruit Buffalo
25%
Snake-Snake Fruit: Anaconda Model Boa Sandersonia
24%
Soul-Soul Fruit Carmel
24%
Garb-Garb Fruit Kin'emon
24%
Stitch-Stitch Fruit Leo
24%
Dragon-Dragon Fruit: Spinosaurus Page One
24%
Wash-Wash Fruit Tsuru
24%
Glare-Glare Fruit Viola
24%
Cat-Cat Fruit: Sabertooth Model Who's Who
24%
Pump-Pump Fruit Belo Betty
23%
Snake-Snake Fruit: King Cobra Model Boa Marigold
23%
Book-Book Fruit Charlotte Mont-d'Or
23%
Dice-Dice Fruit Daz Bones
23%
Bind-Bind Fruit Hina
23%
Float-Float Fruit Shiki
23%
Ripple-Ripple Fruit Diamante
22%
Calm-Calm Fruit Donquixote Rosinante
22%
Dog-Dog Fruit: Nine Tailed Fox Model Catarina Devon
20%
Horm-Horm Fruit Emporio Ivankov
20%
Time-Time Fruit Kozuki Toki
20%
Heal-Heal Fruit Mansherry
20%
Turtle-Turtle Fruit Pekoms
20%
Dragon-Dragon Fruit: Triceratops Model Sasaki
20%
Puff-Puff Fruit Charlotte Daifuku
19%
Ox-Ox Fruit: Bison Model Dalton
19%
Ripe-Ripe Fruit Shinobu
19%
Stick-Stick Fruit Trebol
19%
Cream-Cream Fruit Charlotte Opera
18%
Pop-Pop Fruit Gladius
18%
Snip-Snip Fruit Inazuma
18%
Mutt-Mutt Fruit: Wolf Model Jabra
18%
Rust-Rust Fruit Shu
18%
Cook-Cook Fruit Streusen
18%
Elephant-Elephant Fruit: Elephant Model Funkfreed
16%
Ton-Ton Fruit Machvise
16%
Ton-Ton Fruit Miss Valentine
16%
Sala-Sala Fruit: Axolotl Model Smiley
16%
Spike-Spike Fruit Zala
16%
Dog-Dog Fruit: Jackal Model Chaka
15%
Art-Art Fruit Giolla
15%
Twinkle-Twinkle Fruit Jozu
15%
Horse-Horse Fruit Pierre
15%
Jacket-Jacket Fruit Kelly Funk
14%
Push-Push Fruit Morley
14%
Alpaca SMILE Alpacaman
13%
Bat SMILE Batman
13%
Butter-Butter Fruit Charlotte Galette
13%
Dog-Dog Fruit: Dalmatian Model Dalmatian
13%
Berry-Berry Fruit Very Good
13%
Bug-Bug Fruit: Hornet Model Bian
11%
Pocket-Pocket Fruit Blamenco
11%
Mix-Mix Fruit Charlotte Newshi
11%
Mole-Mole Fruit Drophy
11%
Gazelle SMILE Gazelleman
11%
Mouse SMILE Mouseman
11%
Roll-Roll Fruit Raizo
11%
Horse SMILE Speed
11%
Mark-Mark Fruit Vander Decken IX
11%
Flying Squirrel SMILE Bao Huang
10%
Scorpion SMILE Daifugo
10%
Giraffe SMILE Hamlet
10%
Lion SMILE Holdem
10%
Bug-Bug Fruit: Rhinoceros Beetle Kabu
10%
Dog-Dog Fruit: Dachshund Model Lassoo
10%
Tweet-Tweet Fruit: Albatross Model Morgans
10%
Clone-Clone Fruit Mr 2 Bon Clay
10%
Clone-Clone Fruit Mr. 2 Bon Clay
10%
Panda SMILE Pandaman
10%
Swim-Swim Fruit Senior Pink
10%
Wheel-Wheel Fruit Sharinguru
10%
Snake SMILE Snakeman
10%
Elephant SMILE Babanuki
9%
Hippo SMILE Dobon
9%
Caterpillar-Caterpillar Fruit Epoida
9%
Rattlesnake SMILE Poker
9%
Rabbit SMILE Rabbitman
9%
Monkey SMILE Solitaire
9%
Dog-Dog Fruit: Tanuki Model Bunbuku
8%
Chicken SMILE Fourtricks
8%
Barrier-Barrier Fruit Kurozumi Semimaru
8%
Armadillo SMILE Madilloman
8%
Snake SMILE Sarahebi
8%
Sheep SMILE Sheepshead
8%
Gorilla SMILE Briscola
6%
Caiman SMILE Caimanlady
6%
Ostrich SMILE Dachoman
5%
Gorilla SMILE Mizerka
5%
No matching quizzes found
Score Distribution
Percent of People with Each Score
Percentile by Number Answered
Your Score History
You have not taken this quiz